00372 2200145 4500001002100000005001500021035002000036245007800056100001700134300000700151260002200158082000800180084001400188990002400202INLIS00000000000225120250527022520 a0010-05250005431 aPerekat Bangsa Pengakuan Sejarah Kepemudaan Indonesia /cDr. Abdul Syukur0 aAbdul Syukur a90 bInti Media,c2008 a900 a900 ABD p a0713171 s/d 0713172